Wage regulation in India : (Record no. 124830)

MARC details
000 -LEADER
fixed length control field 01684nam a22002297a 4500
005 - DATE AND TIME OF LATEST TRANSACTION
control field 20170124105945.0
010 ## - LIBRARY OF CONGRESS CONTROL NUMBER
LC control number 852206
020 ## - INTERNATIONAL STANDARD BOOK NUMBER
Terms of availability 00.00
035 ## - SYSTEM CONTROL NUMBER
System control number 852206
037 ## - SOURCE OF ACQUISITION
Source of stock number/acquisition Cen Lib/Ret
040 ## - CATALOGING SOURCE
Original cataloging agency DPL
Language of cataloging EN
082 ## - DEWEY DECIMAL CLASSIFICATION NUMBER
Classification number 331.20954
Item number RAS
100 ## - MAIN ENTRY--PERSONAL NAME
Personal name Rastogi, Sita Ram
9 (RLIN) 75975
245 ## - TITLE STATEMENT
Title Wage regulation in India :
Statement of responsibility, etc by Sita Ram Rastogi
Remainder of title a study of Kanpur /
260 ## - PUBLICATION, DISTRIBUTION, ETC. (IMPRINT)
Place of publication, distribution, etc Bombay
Name of publisher, distributor, etc Popular Prakashan
Date of publication, distribution, etc 1977
270 ## - ADDRESS
City Bombay
Address 35 c Tardeo Road
Postal code 400034
300 ## - PHYSICAL DESCRIPTION
Extent viii, 255p.
Dimensions 21cm(Hb)
500 ## - GENERAL NOTE
General note Includes bibliographical references and index
650 ## - SUBJECT ADDED ENTRY--TOPICAL TERM
Topical term or geographic name as entry element Wages -- Government policy -- India
9 (RLIN) 75976
650 ## - SUBJECT ADDED ENTRY--TOPICAL TERM
Topical term or geographic name as entry element Working class -- India
9 (RLIN) 75977
942 ## - ADDED ENTRY ELEMENTS (KOHA)
Source of classification or shelving scheme Dewey Decimal Classification
Koha item type English Books
Classification part 331.20954
Call number suffix RAS
Holdings
Withdrawn status Lost status Damaged status Not for loan Home library Current library Date acquired Source of acquisition Cost, normal purchase price Total Checkouts Full call number Barcode Date last seen Copy number Cost, replacement price Price effective from Koha item type Public note
Written off       Central Library Central Library 18/06/2015 Cen Lib/Ret 0.00   331.20954 RAS 852206 18/06/2015 1 0.00 18/06/2015 English Books Written off on approval by DLB (By Circulation); dtd 15-06-2023

© Delhi Public Library
Hit Counter
free hit counter